As filosofias de Schelling
Uloženo v:
| Hlavní autoři: | , |
|---|---|
| Médium: | Kniha |
| Jazyk: | portugalština |
| Vydáno: |
Belo Horizonte
Universidade Federal de Minas Gerais
2005
|
| Témata: | |
| Tagy: |
Přidat tag
Žádné tagy, Buďte první, kdo vytvoří štítek k tomuto záznamu!
|
MARC
| LEADER | 00000nam a2200000 a 4500 | ||
|---|---|---|---|
| 001 | UCK6753 | ||
| 003 | CL-VaPUC | ||
| 008 | 051014e20050000bl |||||||||||||||||por|d | ||
| 020 | |a 8570414390 | ||
| 082 | 0 | 4 | |a 193 |b REY |2 21 |
| 100 | 0 | |a Rey Puente, Fernando |e author |9 496229 | |
| 700 | 0 | |a Alves Vieira, Leonardo |e author |9 496230 | |
| 245 | 1 | 3 | |a As filosofias de Schelling |
| 300 | |a 289 p | ||
| 942 | |c BK | ||
| 945 | |d 20051014 00:00:00 |a jcarroza | ||
| 260 | |a Belo Horizonte |b Universidade Federal de Minas Gerais |c 2005 | ||
| 600 | 0 | |a Schelling, Friedrich Wilhelm Joseph |9 268686 | |
| 650 | 0 | |a Filosofía alemana |9 265002 | |
| 650 | 0 | |a Crítica e interpretación |9 255042 | |
| 583 | |a last modification |c 20171219 02:32:36 |k Rodrigo Vera | ||
| 999 | |c 314939 |d 314937 | ||
| 952 | |0 0 |1 0 |4 0 |6 193_000000000000000_REY_2005 |7 0 |8 A |9 387751 |a BIBEDU |b BIBEDU |d 2019-11-22 |i 4174151 |o 193 REY 2005 |p 4174151 |r 2019-11-22 |w 2019-11-22 |y BK |k FIL | ||